LIBRARY & INFORMATION CENTRE, KCAET, TAVANUR

ONLINE PUBLIC ACCESS CATALOGUE (OPAC)

Food Preservation (Record no. 14327)

MARC details
000 -LEADER
fixed length control field 00279nam a22001217a 4500
020 ## - INTERNATIONAL STANDARD BOOK NUMBER
ISBN 9789380902036
082 ## - DEWEY DECIMAL CLASSIFICATION NUMBER
Classification number 664.028
Item number TRI/FO
100 ## - MAIN ENTRY--AUTHOR NAME
Personal name Triveni, Prakash
245 ## - TITLE STATEMENT
Title Food Preservation
260 ## - PUBLICATION, DISTRIBUTION, ETC. (IMPRINT)
Place of publication Jaipur
Name of publisher Aadi Publications
Year of publication 2010
300 ## - PHYSICAL DESCRIPTION
Number of Pages 290.00
942 ## - ADDED ENTRY ELEMENTS (KOHA)
Koha item type Books
Holdings
Withdrawn status Lost status Damaged status Collection code Home library Current library Shelving location Date acquired Source of acquisition Cost, normal purchase price Full call number Accession Number Koha item type
        KAUAET KAUAET General Stacks 16/06/2016 Aman Book Stall Calicut 850.00 664.028 TRI/FO 24615 Books
        KAUAET KAUAET General Stacks 28/07/2016 Professional Books, Cochin. 850.00 664.028 TRI/FO 24240 Books
free website counter